| 000 | 00412nam a2200169Ia 4500 | ||
|---|---|---|---|
| 003 | GCL | ||
| 008 | 140319s9999 xx 000 0 eng d | ||
| 040 |
_aGCL / _cGCL |
||
| 082 | 0 | 4 |
_a920.71 _bS C |
| 100 | 1 | _aSHERRY, NORMAN | |
| 245 | 1 | 0 |
_aCONRAD / _cSHERRY, NORMAN |
| 260 |
_a[S.N] : _bTHAMES AND HUDSON ، _c1988 |
||
| 300 | _a128 P | ||
| 650 | 0 | 4 | _aBIOGRAPHIES |
| 650 | 0 | 4 | _aCONRAD, JOSEPH |
| 942 |
_2ddc _cBK |
||
| 999 |
_c11683 _d11683 |
||